000 00537nam a22001577a 4500
005 20120214174659.0
008 120214t xxu||||| |||| 00| 0 eng d
020 _a8120324935
_c225.00
035 _aB-106183
040 _aDPL
_bENG
245 _aBasic of wireless communication /
260 _aNew Delhi
_bPHI
_c2004
300 _ax, 260p.
_c23cms
942 _2ddc
_cEN
_h004.6
_mBAS
999 _c62780
_d62780